Open Data Biblioteca Nacional de Portugal


República Portuguesa: Ministério da Cultura
Biblioteca Nacional de Portugal

Catálogo da BNP: acesso por Identificadores Unívocos
Registos Bibliográficos associados ao registo de autoridade

Etiqueta de registo: 00254nam 2200025 450
001 2167769
003 http://id.bnportugal.gov.pt/bib/catbnp/2167769
010 ## $a978-989-40-1862-9
021 ## $aPT$b528814/24
100 ## $a20240522d2024 k y0pory01030103ba
101 0# $apor
102 ## $aPT
105 ## $ay z 000yy
106 ## $ar
200 1# $a O crime de violência doméstica$eperspetivas familiares contemporâneas$fcoord. Tómas Carvalho Guerra$gautores, Matilde Veloso e Vasques... [et al.]
205 ## $a1ª ed
210 #9 $aCoimbra$cAlmedina,$d2024
215 ## $a451 p.$d23 cm
225 2# $aObras coletivas
675 ## $a343.6-055.5/.7$vBN$zpor$31918923
675 ## $a316.47-055.5/.7$vBN$zpor$31231384
701 #1 $aVasques,$bMatilde Veloso e$4070$31916811
702 #1 $aGuerra,$bTómas Carvalho$4340$31916810
801 #0 $aPT$bBN$gRPC
856 41 $uhttp://rnod.bnportugal.gov.pt/ImagesBN/winlibimg.aspx?skey=&doc=2167769&img=194744&save=true
900 ## $aBIBNAC$d20240730
966 ## $lBN$mFGMON$sS.C. 164448 V.$x1
966 ## $lBN$mFGMON$sS.C. 164448 V.-D$x1
971 ## $ciquintas$d20240522
972 ## $d20240730$e0$vlrevez$z0
973 ## $cmlsousa$d20240618
974 ## $e0$d20240619$vrsimoes

Etiqueta de registo: 00254nam 2200025 450
001 2281079
003 http://id.bnportugal.gov.pt/bib/catbnp/2281079
010 ## $a978-989-40-2947-2
021 ## $aPT$b555826/25
100 ## $a20260317d2025 k y0pory01030103ba
101 0# $apor
102 ## $aPT
105 ## $ay z 000yy
106 ## $ar
200 1# $a O crime de violência doméstica$eperspetivas familiares contemporâneas$fcoord. Tómas Carvalho Guerra$gautores Matilde Veloso e Vasques... [et al.]
205 ## $a2ª ed
210 #9 $aCoimbra$cAlmedina,$d2025
215 ## $a510 p.$d23 cm
225 2# $aObras coletivas
675 ## $a316.47-055.5/.7$vBN$zpor$31231384
675 ## $a343.6-055.5/.7$vBN$zpor$31918923
701 #1 $aVasques,$bMatilde Veloso e$4070$31916811
702 #1 $aGuerra,$bTómas Carvalho$4340$31916810
801 #0 $aPT$bBN$gRPC
856 41 $uhttp://rnod.bnportugal.gov.pt/ImagesBN/winlibimg.aspx?skey=&doc=2281079&img=221070&save=true
900 ## $aBIBNAC$d20260414
966 ## $lBN$mFGMON$sS.C. 168865 V.$x1
971 ## $cssilva$d20260317
972 ## $e0$z0$d20260414$vasantos
973 ## $cmlsousa$d20260406

OpendataBNP@bnportugal.pt | Mais informação sobre acesso aos dados BNP